000 00345nam a2200169Ia 4500
100 _aLouden/Kenneth C
650 _aCompilers
942 _cBK
366 _f20
654 _acompilers
245 _aCompiler construction
260 _bCengage Learning
_c1997
082 _a5.453
_bLOU
300 _a582
546 _aENGLISH
999 _c31629
_d31629